The right way to conduct meetings, conferences and discussions / (Record no. 130454)

MARC details
000 -LEADER
fixed length control field 00745nam a22002417a 4500
005 - DATE AND TIME OF LATEST TRANSACTION
control field 20170124110112.0
010 ## - LIBRARY OF CONGRESS CONTROL NUMBER
LC control number A-779719
020 ## - INTERNATIONAL STANDARD BOOK NUMBER
Terms of availability 00.00
International Standard Book Number 8172244681
035 ## - SYSTEM CONTROL NUMBER
System control number A-779719
037 ## - SOURCE OF ACQUISITION
Source of stock number/acquisition Cen Lib/Ret
040 ## - CATALOGING SOURCE
Original cataloging agency DPL
Language of cataloging EN
082 ## - DEWEY DECIMAL CLASSIFICATION NUMBER
Classification number 658.456
Item number TAY
100 ## - MAIN ENTRY--PERSONAL NAME
Personal name Taylor, H. M
9 (RLIN) 29240
245 ## - TITLE STATEMENT
Title The right way to conduct meetings, conferences and discussions /
Statement of responsibility, etc by H. M. Taylor [and] A. G. Mears
260 ## - PUBLICATION, DISTRIBUTION, ETC. (IMPRINT)
Place of publication, distribution, etc Bombay
Name of publisher, distributor, etc Jaico Publishing House
Date of publication, distribution, etc 1995
270 ## - ADDRESS
Address 121, M G Road
City Bombay
Postal code 400001
300 ## - PHYSICAL DESCRIPTION
Extent 124p.
Dimensions 21cm(Hb)
500 ## - GENERAL NOTE
General note Includes Index
650 ## - SUBJECT ADDED ENTRY--TOPICAL TERM
Topical term or geographic name as entry element Public meetings
9 (RLIN) 29241
650 ## - SUBJECT ADDED ENTRY--TOPICAL TERM
Topical term or geographic name as entry element Meetings -- Procedure
9 (RLIN) 29242
700 ## - ADDED ENTRY--PERSONAL NAME
Personal name Mears, A. G
9 (RLIN) 29243
942 ## - ADDED ENTRY ELEMENTS (KOHA)
Source of classification or shelving scheme Dewey Decimal Classification
Koha item type English Books
Classification part 658.456
Call number suffix TAY
Holdings
Withdrawn status Lost status Damaged status Not for loan Home library Current library Date acquired Source of acquisition Cost, normal purchase price Total Checkouts Full call number Barcode Date last seen Copy number Cost, replacement price Price effective from Koha item type Public note
Written off       Central Library Central Library 09/07/2015 Cen Lib/Ret 0.00   658.456 TAY A-779719 09/07/2015 1 0.00 09/07/2015 English Books W/d List No. 6874/15 ; dtd 20/08/2020
Written off       Central Library Central Library 21/07/2015 Cen Lib/Ret 0.00   658.456 TAY A-760439 21/07/2015 2 0.00 21/07/2015 English Books Written off on approval by DLB (By Circulation); dtd 15-06-2023

© Delhi Public Library
Hit Counter
free hit counter